00440nam a2200157Ia 450000500170000000800410001702000180005804100120007608200150008810000260010324500650012925000120019426000420020630000150024865000190026320260429112126.0260429s9999||||xx |||||||||||||| ||und|| a9789348066749 aEnglish a907.2bSUR aSurpurkar, Hayyalappa 0aHistoriography : bpast and present / cHayyalappa Surpurkar a1st ed. aAgra : bCurrent Publications,c2024. a264 p.; hb aHistoriography